| 000 | 01265cam a22003014a 4500 | ||
|---|---|---|---|
| 999 |
_c332137 _d332137 |
||
| 001 | 1684607 | ||
| 003 | NUST | ||
| 005 | 20171115101015.0 | ||
| 008 | 990308s1999 nyua b 001 0 eng | ||
| 010 | _a 99014704 | ||
| 020 | _a0824799437 (alk. paper) | ||
| 040 |
_aDLC _cDLC _dDLC |
||
| 042 | _apcc | ||
| 050 | 0 | 0 |
_aTD897.5 _b.W377 1999 |
| 082 | 0 | 0 |
_a628.4 WAT _221 |
| 100 | 1 |
_aWatson, J. S. _q(Jack Samuel), _d1935- _96362 |
|
| 245 | 1 | 0 |
_aSeparation methods for waste and environmental applications / _cJack S. Watson. |
| 260 |
_aNew York : _bMarcel Dekker, _cc1999. |
||
| 300 |
_axiii, 600 p. : _bill. ; _c24 cm. |
||
| 440 | 0 |
_aEnvironmental science and pollution control series ; _v20 _96363 |
|
| 500 | _aH.B | ||
| 504 | _aIncludes bibliographical references and index. | ||
| 650 | 0 |
_aFactory and trade waste _xPurification. _91014 |
|
| 650 | 0 |
_aSeparation (Technology) _96364 |
|
| 650 | 0 |
_aHazardous wastes _xManagement. _96365 |
|
| 856 | 4 | 2 |
_3Publisher description _uhttp://www.loc.gov/catdir/enhancements/fy0647/99014704-d.html |
| 906 |
_a7 _bcbc _corignew _d1 _eocip _f19 _gy-gencatlg |
||
| 942 |
_2ddc _cBK _kIESE |
||